Documentación y validación de un método para determinar metales en Búnker, por espectroscopia de absorción atómica, realizando un pretratamiento con una bomba de digestión húmeda (Anton Paar HPA-S); de acuerdo con los requisitos técnicos de la norma INTE ISO/IEC 17025:2005.
Gorde:
| Egile nagusia: | |
|---|---|
| Beste egile batzuk: | |
| Formatua: | Liburua |
| Hizkuntza: | Spanish |
| Argitaratua: |
San Pedro, [Montes de Oca, San José, Costa Rica],
2019
|
| Gaiak: | |
| Etiketak: |
Etiketa erantsi
Etiketarik gabe, Izan zaitez lehena erregistro honi etiketa jartzen!
|
MARC
| LEADER | 00000nam a22000007a 4500 | ||
|---|---|---|---|
| 003 | 013088 | ||
| 005 | 20230504110056.0 | ||
| 008 | 190715b2019 cr a|||| ||m| 00| ||spa d | ||
| 040 | |c cru CEDI | ||
| 090 | |a TFG 8238 | ||
| 100 | |9 472 |a Crawford Grandison, Clarcy Patricia, 1990- | ||
| 245 | |a Documentación y validación de un método para determinar metales en Búnker, por espectroscopia de absorción atómica, realizando un pretratamiento con una bomba de digestión húmeda (Anton Paar HPA-S); de acuerdo con los requisitos técnicos de la norma INTE ISO/IEC 17025:2005. | ||
| 260 | |a San Pedro, [Montes de Oca, San José, Costa Rica], |c 2019 | ||
| 500 | |a Proyecto de graduación(licenciatura en ingeniería química)--Universidad de Costa Rica. Facultad de Ingeniería. Escuela de Ingeniería Química | ||
| 501 | |a Director de Proyecto de Graduación: Ing. Roberto Coto Rojas, M.B.A | ||
| 650 | |x METALES A ALTAS TEMPERATURAS - PRUEBAS |x DESTILADOS DE PETROLEO - ANALISIS |x ESPECTROSCOPIA DE ABSORCION ATOMICA - NORMAS TECNICAS |x COMBUSTIBLES - CONTROL DE CALIDAD - COSTA RICA |x ESPECTROSCOPIA DE ABSORCION ATOMICA - METODOS - EVALUACION | ||
| 700 | |9 462 |a Coto Rojas, Roberto A., 1964- |d Director del TFG | ||
| 942 | |c CEDI |h TFG 8238 |6 TFG_8238_000000000000000 | ||
| 999 | |c 21750 |d 21750 | ||
